000
00233nam a22000857a 4500
008
160928b xxu||||| |||| 00| 0 eng d
100
_9
808
_a
Balasubramanian.P.
245
_a
Bridges-5 English
260
_a
New Delhi
_b
Frank. Publications
_c
2011
999
_c
3462
_d
3462